LEADER 01351nam0 22003373i 450 001 NAP0501738 005 20251003044254.0 010 $a9780865714847 100 $a20110112d2003 ||||0itac50 ba 101 | $aeng 102 $aca 181 1$6z01$ai $bxxxe 182 1$6z01$an 183 1$6z01$anc$2RDAcarrier 200 1 $aMicrohydro$eclean power from water$fScott Davis 210 $aGabriola Island (B.C.)$cNew Society Publishers$d2003 215 $aXVII, 157 p.$cill.$d23 cm 606 $aCentrali idroelettriche$2FIR$3SBLC137765$9I 676 $a621.31$9Generazione, modificazione, accumulazione, trasmissione dell'energia elettrica$v14 676 $a621.312134$9Generazione idrica$v22 700 1$aDavis$b, Scott$f $3SBNV099498$4070$01277396 790 1$aDavis$b, Scott L.$3SBNV100573$zDavis, Scott 790 1$aDavis$b, Scott$c $3SBNV100575$zDavis, Scott 801 3$aIT$bIT-000000$c20110112 850 $aIT-BN0095 901 $bNAP 01$cSALA DING $n$ 912 $aNAP0501738 950 0$aBiblioteca Centralizzata di Ateneo$b1 v.$c1 v.$d 01SALA DING 621.31 DAV.mi$e 0102 0000083205 VMA A4 1 v. (5. rist. 2010)$fY $h20110112$i20110112 977 $a 01 996 $aMicrohydro$93010885 997 $aUNISANNIO